000 00399nam a22001697a 4500
003 MPLRDC
005 20220104142513.0
008 210129b ||||| |||| 00| 0 eng d
082 _a414.76 ZY
100 _a钟庸
245 _a壶中天地. 续篇
_c
250 _a再版
260 _a
_b香港宏业书局
_c1970
300 _b
650 _a中医成药--汤药
942 _cBK
_o414.76 ZY
999 _c31424
_d31414